Camille Saint-Saëns en Gran Canaria : (Record no. 196267)
[ view plain ]
| 000 -LEADER | |
|---|---|
| campo de control de longitud fija | 02148nam a2200433 i 4500 |
| 001 - NÚMERO DE CONTROL | |
| campo de control | 196267 |
| 003 - IDENTIFICADOR DE NÚMERO DE CONTROL | |
| campo de control | ES-MaACL |
| 005 - FECHA Y HORA DE LA ÚLTIMA TRANSACCIÓN | |
| campo de control | 20250708181336.0 |
| 008 - DATOS DE LONGITUD FIJA--INFORMACIÓN GENERAL | |
| campo de control de longitud fija | 240823s2022 sp a | ||||o000 0dspa |
| 015 ## - NÚMERO DE BIBLIOGRAFÍA NACIONAL | |
| Número de bibliografía nacional | MON23 |
| 017 ## - NÚMERO DE COPYRIGHT O DE DEPÓSITO LEGAL | |
| Número de copyright o de depósito legal | GC 606-2022 |
| Agencia que asigna | Oficina Depósito Legal Gran Canaria |
| 020 ## - NÚMERO INTERNACIONAL ESTÁNDAR DEL LIBRO | |
| Número Internacional Estándar del Libro | 9788479478193 |
| 035 ## - NÚMERO DE CONTROL DEL SISTEMA | |
| Número de control de sistema | (SpMaBN)a7258167 |
| 035 ## - NÚMERO DE CONTROL DEL SISTEMA | |
| Número de control de sistema | 991048152129708606 |
| 040 ## - FUENTE DE CATALOGACIÓN | |
| Centro catalogador/agencia de origen | SpMaBN |
| Lengua de catalogación | spa |
| Centro/agencia transcriptor | SpMaBN |
| Normas de descripción | rda |
| 080 ## - NÚMERO DE LA CLASIFICACIÓN DECIMAL UNIVERSAL | |
| Número de la Clasificación Decimal Universal | 929 Saint-Saëns, Camille (083.824) |
| 080 ## - NÚMERO DE LA CLASIFICACIÓN DECIMAL UNIVERSAL | |
| Número de la Clasificación Decimal Universal | 78 Saint-Saëns, Camille (083.824) |
| 110 2# - ENTRADA PRINCIPAL--NOMBRE DE ENTIDAD CORPORATIVA | |
| 9 (RLIN) | 141596 |
| Nombre de entidad corporativa o nombre de jurisdicción como elemento de entrada | Casa-Museo de Colón (Las Palmas de Gran Canaria) |
| 245 00 - MENCIÓN DEL TÍTULO | |
| Título | Camille Saint-Saëns en Gran Canaria : |
| Resto del título | Casa de Colón, Las Palmas de Gran Canaria, 2022 / |
| Mención de responsabilidad, etc. | comisario, Dionisio Rodríguez Suárez ; textos, Marie-Gabrielle Soret, Stéphane Leteuré, Pierre Ickowicz, Dionisio Rodríguez. |
| 264 #1 - PRODUCCIÓN, PUBLICACIÓN, DISTRIBUCIÓN, FABRICACIÓN Y COPYRIGHT | |
| Producción, publicación, distribución, fabricación y copyright | Las Palmas de Gran Canaria : |
| Nombre del de productor, editor, distribuidor, fabricante | Instituto Canario de Desarrollo Cultural S.A., Dirección General de Patrimonio Cultural, Viceconsejería de Cultura y Patrimonio Cultural del Gobierno de Canarias, |
| Fecha de producción, publicación, distribución, fabricación o copyright | 2022. |
| 300 ## - DESCRIPCIÓN FÍSICA | |
| Extensión | 79 páginas : |
| Otras características físicas | ilustraciones (blanco y negro y color) ; |
| Dimensiones | 24 cm. |
| 336 ## - TIPO DE CONTENIDO | |
| Término de tipo de contenido | Texto |
| -- | Imagen fija |
| Fuente | rdacontent |
| 337 ## - TIPO DE MEDIO | |
| Nombre/término del tipo de medio | sin mediación |
| Fuente | rdamedia |
| 338 ## - TIPO DE SOPORTE | |
| Nombre/término del tipo de soporte | volumen |
| Fuente | rdacarrier |
| 500 ## - NOTA GENERAL | |
| Nota general | Exposición celebrada en la Casa de Colón, en las Palmas de Gran Canaria en 2022. |
| 600 04 - PUNTO DE ACCESO ADICIONAL DE MATERIA--NOMBRE DE PERSONA | |
| Nombre de persona | Saint-Saëns, Camille, |
| Fechas asociadas al nombre | 1835-1921 |
| 9 (RLIN) | 101553 |
| 655 #7 - TERMINO DE INDIZACIÓN--GENERO/FORMA | |
| Datos o término principal de género/forma | Catálogos de exposiciones |
| Fuente del término | tgfbne |
| 9 (RLIN) | 193628 |
| 700 ## - ENTRADA AGREGADA--NOMBRE PERSONAL | |
| Nombre de persona | Rodríguez Suárez, Dionisio |
| 9 (RLIN) | 238599 |
| Término indicativo de función/relación | Comisario |
| 700 ## - ENTRADA AGREGADA--NOMBRE PERSONAL | |
| Nombre de persona | Soret, Marie-Gabrielle |
| 9 (RLIN) | 238600 |
| Término indicativo de función/relación | Autor |
| 700 ## - ENTRADA AGREGADA--NOMBRE PERSONAL | |
| Nombre de persona | Leteuré, Stéphane |
| 9 (RLIN) | 238601 |
| Término indicativo de función/relación | Autor |
| 700 ## - ENTRADA AGREGADA--NOMBRE PERSONAL | |
| Nombre de persona | Ickowicz, Pierre |
| 9 (RLIN) | 238602 |
| Término indicativo de función/relación | Autor |
| 710 2# - ENTRADA AGREGADA--NOMBRE DE ENTIDAD CORPORATIVA | |
| Nombre de entidad corporativa o nombre de jurisdicción como elemento de entrada | Casa-Museo de Colón (Las Palmas de Gran Canaria) |
| 9 (RLIN) | 141596 |
| Término indicativo de función/relación | Sede |
| 852 ## - LOCALIZACIÓN | |
| Ubicación | ES-MaACL |
| Sublocalización o colección | R.154473 |
| Ubicación en estantería | Depósito J |
| Número de control de estantería | N-9321 |
| Donativo/Legado | Donación: Editorial |
| Encuadernación | Encuadernación rústica con solapas |
| itemnumber | 205392 |
| 942 ## - ELEMENTOS DE ENTRADA SECUNDARIOS (KOHA) | |
| Tipo de ítem Koha | Libro impreso |
| Suprimir en OPAC | No |
| Estatus retirado | Estado de pérdida | Fuente del sistema de clasificación o colocación | Estado de daño | No para préstamo | Biblioteca de origen | Biblioteca actual | Ubicación en estantería | Fecha de adquisición | Fuente de adquisición | Total de préstamos | Signatura topográfica completa | Código de barras | Visto por última vez | Precio de reemplazo | Tipo de ítem Koha |
|---|---|---|---|---|---|---|---|---|---|---|---|---|---|---|---|
| Clasificación decimal universal | Biblioteca del Ateneo de Madrid | Biblioteca del Ateneo de Madrid | Depósito J | 10/05/2025 | Donación | N-9321 | 101230044 | 10/05/2025 | 10/05/2025 | Libro impreso |
